Disney Movies Based on Villain - Statistics

General Stats
  • This quiz has been taken 219 times
  • The average score is 17 of 23
Answer Stats
Villain Movie % Correct
Ursula The Little Mermaid
100%
Jafar Aladdin
96%
Prince Hans Frozen
95%
Scar The Lion King
93%
Cruella de Vil 101 Dalmatians
90%
Gaston Beauty and the Beast
90%
Captain Hook Peter Pan
90%
Maleficent Sleeping Beauty
88%
Hades Hercules
86%
The Evil Queen Snow White and the Seven Dwarfs
86%
Mother Gothel Tangled
84%
Shan Yu Mulan
77%
Lady Tremaine Cinderella
76%
King Candy Wreck It Ralph
67%
Doctor Facilier The Princess and the Frog
65%
Governor Radcliffe Pocahontas
61%
Prince John Robin Hood
58%
Frollo The Hunchback of Notre Dame
55%
Te Ka Moana
51%
Clayton Tarzan
48%
Professor Ratigan The Great Mouse Detective
40%
The Horned King The Black Cauldron
35%
Amos Slade The Fox and the Hound
30%
No matching quizzes found
Score Distribution
Percent of People with Each Score
Percentile by Number Answered
Your Score History
You have not taken this quiz